Business Applications of Operations Research (Record no. 46591)

MARC details
000 -LEADER
fixed length control field 00494nam a22001697a 4500
005 - DATE AND TIME OF LATEST TRANSACTION
control field 20260514120735.0
008 - FIXED-LENGTH DATA ELEMENTS--GENERAL INFORMATION
fixed length control field 260514b |||||||| |||| 00| 0 eng d
020 ## - INTERNATIONAL STANDARD BOOK NUMBER
International Standard Book Number 9781606495261
041 ## - LANGUAGE CODE
Language code of text/sound track or separate title Eng
082 ## - DEWEY DECIMAL CLASSIFICATION NUMBER
Classification number 658.4034 NAG
100 ## - MAIN ENTRY--PERSONAL NAME
Author Nag, Bodhibrata
245 ## - TITLE STATEMENT
Title Business Applications of Operations Research
260 ## - PUBLICATION, DISTRIBUTION, ETC.
Place New York
Publisher Business Expert Press
Publication Year 2013
300 ## - PHYSICAL DESCRIPTION
Extent 150;. P. 23 cm
650 ## - SUBJECT ADDED ENTRY--TOPICAL TERM
Subject Operations research; Industrial management--Mathematical models
942 ## - ADDED ENTRY ELEMENTS (KOHA)
Koha item type Books
Holdings
Withdrawn status Lost status Source of classification or shelving scheme Damaged status Not for loan Home library Current library Shelving location Accession Date Vendor Price Bill number Total Checkouts Full call number Barcode No Date last seen Discount Cost, replacement price Bill Date Koha item type Suggested By
    Dewey Decimal Classification     IMTN IMTN Rack 26-B 05/14/2026 Raghav Books Private Limited 2093.45 2630   658.4034 NAG 34058 05/14/2026 33 1402.61 04/30/2026 Books Recommended by Dr. Jitendra Sharma
Designed & Maintained by: LRC IMT Nagpur Contact: lrc@imtnag.ac.in© 2024. All Rights Reserved.